Countries Closest to Mauritius - Sudden Death - Statistics

General Stats
  • This quiz has been taken 11 times
  • The average score is 9 of 15
Answers on the Grid
Answers color-coded by a green-red scale on the quiz's grid according to % correct below.
Seychelles
Madagascar
Comoros
Mozambique
Tanzania
Somalia
Kenya
Maldives
Malawi
Zambia
Zimbabwe
South Africa
Eswatini
Botswana
Lesotho
Angola
Namibia
Democratic Republic of the Congo
Republic of the Congo
Uganda
South Sudan
Sudan
Ethiopia
Eritrea
Djibouti
Central African Republic
Cameroon
Yemen
Oman
India
 
Answer Stats
Answer % Correct
South Africa
100%
Comoros
89%
Madagascar
89%
Lesotho
78%
Mozambique
78%
Seychelles
78%
Tanzania
78%
Eswatini
56%
Malawi
56%
Zambia
44%
Botswana
33%
Zimbabwe
33%
Kenya
22%
Maldives
22%
Somalia
22%
No matching quizzes found
Score Distribution
Percent of People with Each Score
Percentile by Number Answered
Your Score History
You have not taken this quiz